| 000 | 01120nam a2200325 i 4500 | ||
|---|---|---|---|
| 001 | 192667 | ||
| 003 | SpMaBN | ||
| 005 | 20240224063118.0 | ||
| 008 | 230509s2021 sp | |||| 000 0 spa | ||
| 017 |
_aM 9743-2021 _bOficina Depósito Legal Madrid |
||
| 020 | _a9788418429217 | ||
| 040 |
_aSpMaBN _bspa _cES-MaACL _erda |
||
| 080 | _a299.94 | ||
| 100 | 1 |
_aVázquez, Sebastián, _9176504 _eaut |
|
| 245 | 1 | 3 |
_aLa impostura de la nueva era : _bcrónica de una pseudo espiritualidad / _cSebastián Vázquez |
| 250 | _aPrimera edición: mayo de 2021 | ||
| 264 | 1 |
_a[Madrid] : _bEditatum, _c2021 |
|
| 300 |
_a141 páginas ; _c22 cm |
||
| 336 |
_aTexto _2rdacontent |
||
| 337 |
_asin mediación _2rdamedia |
||
| 338 |
_avolumen _2rdacarrier |
||
| 490 | 1 |
_aGuía burros. Conocimiento y saber ; _v127 |
|
| 500 | _aÍndice | ||
| 650 | 4 |
_aNueva Era _2embne _915641 |
|
| 830 |
_aGuía burros. Conocimiento y saber ; _9176505 _v127 |
||
| 852 |
_aES-MaACL _bR.153395 _jN-8253 _cDEPOJ _9199966 _hDonación: Editorial |
||
| 942 |
_cMONOGRAFIA _n0 |
||
| 999 |
_c192667 _d192667 |
||